000 01269nam a22003377a 4500
003 CHAP
005 20220329135753.0
008 971013s1982 r 00010 d
010 _a41825
011 _a42797
035 _a46926
040 _cCHAP
090 _aTesis
100 0 0 _aEscalante Pérez, Gerardo Alfonso.
_937403
245 _aSelección de materiales germoplasmico de maíz (Zea mays Linnaeus) mediante el uso del filtrado toxico del hongo Fusarium moniliforme Sheld bajo condiciones de laboratorio
260 _aMonterrey, N. L. :
_bEl autor,
_c1982
300 _a59 h.
_b; gráfs.
502 _aTesis (M. C. Esp. en Parasitología Agrícola) -- ITESM. División de Ciencias Agropecuarias y Marítimas. Programa de Graduados
590 _aALEPH
_b10
_c20130110
_lUCH01
_h1311
590 _aBATCH-UPD
_b10
_c20130110
_lUCH01
_h0300
590 _aBATCH-UPD
_b10
_c20130110
_lUCH01
_h1725
590 _aBATCH-UPD
_b10
_c20130409
_lUCH01
_h2331
590 _aBATCH-UPD
_b10
_c20130914
_lUCH01
_h1317
590 _aCONVERSION
_b10
_c20130109
_lUCH01
_h1323
650 1 4 _aFusarium moniliforme.
_944091
650 1 4 _aGermoplasma.
_947766
650 1 4 _aMaíz
_xEnfermedades.
_970939
901 _aBK
942 _cTESIS
949 _bBC
_cTES
_d-106859
_eTS1
_i46926
_si
999 _c41825
_d41825